00605nam a22002172a 450000100060000000300080000600500170001400800410003103500190007204000320009104100080012308200210013110000350015224500520018726000360023930000300027550400280030550400200033365000140035383000200036724975BD-RjUL20211209050819.0140315s1962 nyub b 001 0 eng d a(BD-RjUL)25044 aCSUcCSUdBD-RjULdEQObeng aeng00a940.18bATC 19621 aAtiya, Aziz Suryal,d1898-198810aCrusade, commerce and culture /cAziz S. Atiya. aLondon :bOxford U. P.,cc1962. a280 p. :bmaps. ;c21 cm. aBibliography: p.262-269 aIncludes index. 0aCrusades. 0aScience edition